000 00685nam a2200217Ii 4500
003 JO-AjNU
008 230605s9999||||xx |||||||||||||| ||und||
017 _a2013/9/3306
020 _a978-9957-561-59-8
040 _aJO-AjNU
_bara
_erda
_cJO-AjNU
041 _aara
050 1 4 _aPJ7848 2013
100 3 _aحامد، محمد سعيد,
_eauthor
_948772
245 0 0 _aديوان العقد الثمين
264 3 1 _aعمان:الصايل للنشر والتوزيع، 2013
300 _a90ص
336 _atext
_btxt
_2rdacontent
337 _aunmediated
_bn
_2rdamedia
338 _avolume
_bnc
_2rdacarrier
650 4 _aالشعر العربي - العصر الحديث
_948773
999 _aA21381
_c24949
_d24949